| 000 | 00464nam a2200193Ia 4500 | ||
|---|---|---|---|
| 008 | 210210b1980 xxu||||| |||| 00| 0 eng d | ||
| 041 | _aeng | ||
| 082 | _a423 MACC | ||
| 100 | _aMACDONALD (A M) Ed. | ||
| 245 | _aChambers twentieth century dictionary Ed 2 | ||
| 250 | _a | ||
| 260 |
_aND _bAllied Publishers _c1980 |
||
| 650 | _atwentieth | ||
| 650 | _adictionary | ||
| 650 | _aChambers | ||
| 650 | _acentury | ||
| 690 | _aDictionaries | ||
| 906 | _a035426 | ||
| 999 |
_c142797 _d142797 |
||